Evaluating second language education

Αποθηκεύτηκε σε:
Λεπτομέρειες βιβλιογραφικής εγγραφής
Άλλοι συγγραφείς: Alderson, J. Charles (Επιμελητής έκδοσης), Beretta, Alan (Επιμελητής έκδοσης)
Μορφή: Βιβλίο
Γλώσσα:English
Δημοσίευση: Cambridge : Cambridge University Press, 1992
Σειρά:Cambridge applied linguistics series
Θέματα:
Ετικέτες: Προσθήκη ετικέτας
Δεν υπάρχουν, Καταχωρήστε ετικέτα πρώτοι!

MARC

LEADER 00000nam a2200000 i 4500
001 1/72584
008 970819s1992 eng d
020 |a 0-521-41067-3 
035 |a 1993  |b 3  |c Σκούρτου  |l 10031281 
040 |a GR-MY-UA  |b gre  |e aacr 
041 0 |a eng 
082 0 |a 371.97 
245 1 0 |a Evaluating second language education /  |c edited by J. Charles Alderson, Alan Beretta 
260 |a Cambridge :   |b Cambridge University Press,   |c 1992 
300 |a 374 p. 
490 1 |a Cambridge applied linguastics series 
650 0 0 |a Education, Bilingual  |x Evaluation. 
700 1 |a Alderson, J. Charles.  |4 edt 
700 1 |a Beretta, Alan.  |4 edt 
830 0 |a Cambridge applied linguistics series 
852 |a INST  |b RHODES  |e 19970819  |h 371.97 EVA  |p 005400010016  |q 005400010016  |t BK  |y 0 
909 |a Ρ  |b 032736  |c 1993